000 00711nam a2200289Ia 4500
005 20260324142939.0
008 008 260324s9999 xx 000 0 eng d
020 _a9781315490014
037 _aEBOOK
040 _aCRL
040 _beng
040 _cCRL
041 _2eng
041 _aeng
084 _qCRL
100 _aDavid M. James; Richard T Green
_91213825
245 0 _aRail Transit Station Area Development:
245 0 _bSmall Area Modeling in Washington DC
260 _bTaylor and Francis
260 _c1993
365 _a
365 _b195
856 _uhttp://www.taylorfrancis.com/books/9781315490014
942 _cEBOOK
999 _c1818628
_d1818628